Ciudades más pobladas de Ecuador - Estadísticas

Estadísticas generales
  • Esta prueba ha sido intentada 671 veces
    542 desde el último reinicio
  • La puntuación promedio es 4 de 12
Respuestas en el mapa
Las respuestas están codificadas por una escala verde-roja en el mapa de la prueba según el % correcto abajo.
 
Estadísticas de respuestas
Población Ciudad % Correcto
1.763.275 Quito
100%
2.650.288 Guayaquil
85%
361.524 Cuenca
42%
258.697 Manta
30%
203.496 Loja
26%
177.316 Ambato
24%
334.826 Santo Domingo
24%
288.072 Machala
22%
244.129 Portoviejo
19%
295.211 Durán
15%
177.792 Quevedo
15%
249.941 Calderón
8%
No se encontraron pruebas coincidentes
Distribución de puntuación
Porcentaje de gente con cada puntuación
Porcentaje por número respondido
Historial de tus puntuaciones
No has intentado esta prueba desde el último reinicio